Trigonometry/ (Record no. 13970)

000 -LEADER
fixed length control field 00565nam a22001817a 4500
008 - FIXED-LENGTH DATA ELEMENTS--GENERAL INFORMATION
fixed length control field 160921b xxu||||| |||| 00| 0 eng d
020 ## - INTERNATIONAL STANDARD BOOK NUMBER
International Standard Book Number 0534380271
050 ## - LIBRARY OF CONGRESS CALL NUMBER
Classification number QA 531 .S785 2003
100 ## - MAIN ENTRY--PERSONAL NAME
Personal name Stewart, James.
245 ## - TITLE STATEMENT
Title Trigonometry/
Statement of responsibility, etc. James Stewart, Lothar Redlin & Saleem Watson.
260 ## - PUBLICATION, DISTRIBUTION, ETC. (IMPRINT)
Place of publication, distribution, etc. United Kingdom:
Name of publisher, distributor, etc. Thomson Brooks/Cole,
Date of publication, distribution, etc. 2003.
300 ## - PHYSICAL DESCRIPTION
Extent xvi, 566 [61]p.:
Other physical details ill.; [some col]
Dimensions 20 cm.
504 ## - BIBLIOGRAPHY, ETC. NOTE
Bibliography, etc Includes index.
650 ## - SUBJECT ADDED ENTRY--TOPICAL TERM
Topical term or geographic name as entry element Trigonometry.
700 ## - ADDED ENTRY--PERSONAL NAME
Personal name Redlin, Lothar.
700 ## - ADDED ENTRY--PERSONAL NAME
Personal name Watson, Saleem.
942 ## - ADDED ENTRY ELEMENTS (KOHA)
Source of classification or shelving scheme
Koha item type Hard Covered Materials
Classification part QA 531 .S785 2003
Holdings
Withdrawn status Lost status Source of classification or shelving scheme Damaged status Not for loan Home library Current library Shelving location Date acquired Source of acquisition Total Checkouts Full call number Barcode Date last seen Date last checked out Price effective from Koha item type
          MACHAKOS UNIVERSITY LIBRARY MACHAKOS UNIVERSITY LIBRARY Open shelf 21/09/2016 Donation (BFA) 1 QA 531 .S785 2003 21679 25/11/2019 21/11/2019 21/09/2016 Hard Covered Materials
© Machakos University Library, Along The Highway, Machakos Wote Rd, Machakos, Kenya P.O. Box 136 - 90100 Machakos - Kenya

Tel: ( +254 ) 723 805829 OR Fax : 044-20353 OR Email: library@mksu.ac.ke